Complete the Card - WWE Unforgiven 2007 - Statistics

General Stats
  • This quiz has been taken 11 times
  • The average score is 17 of 21
Answer Stats
Answer % Correct
Batista
100%
John Cena
100%
Mark Henry
100%
Matt Hardy
100%
MVP
100%
Randy Orton
100%
Rey Mysterio
100%
The Undertaker
100%
Triple H
100%
Beth Phoenix
86%
Carlito
86%
Deuce
86%
Domino
86%
The Great Khali
86%
Brian Kendrick
71%
Paul London
71%
CM Punk
57%
Lance Cade
57%
Trevor Murdoch
57%
Candice Michelle
43%
Elijah Burke
29%
No matching quizzes found
Score Distribution
Percent of People with Each Score
Percentile by Number Answered
Your Score History
You have not taken this quiz